| 000 | 00996nam a2200253Ia 4500 | ||
|---|---|---|---|
| 001 | 9775 | ||
| 003 | GE_BSU | ||
| 008 | 181216s||||||||xx |||||||||||||| ||und|| | ||
| 020 | _a9799994098842 | ||
| 040 | _cGE_BSU | ||
| 100 | _aგურული,ვახტანგ | ||
| 245 | _aმეფე ერეკლეს წუთისოფელი | ||
| 245 | _bპიესა ორ მოქმედებად | ||
| 245 | _cრედ.ავთ.არაბული | ||
| 260 | _aთბილისი | ||
| 260 | _bინტელექტი | ||
| 260 | _c2007 | ||
| 300 | _a120გვ.17სმ. | ||
| 520 | _aეძღვნება საქ. კათოლიკოს–პატრიარქის ილია II–ის აღსაყდრების 30 წლისთავს | ||
| 541 | _h3ლ. | ||
| 653 | _aმეფე ერეკლეს წუთისოფელი | ||
| 653 | _aპიესა ორ მოქმედებად | ||
| 942 | _cBK | ||
| 999 |
_c43055 _d43055 |
||